[Event "Chigorin Memorial"]
[Site "St Petersburg RUS"]
[Date "2012.11.02"]
[Round "7.29"]
[White "Vorobiov, Evgeny E."]
[Black "Cori T., Deysi"]
[Result "1-0"]
[WhiteTitle "GM"]
[BlackTitle "WGM"]
[WhiteElo "2598"]
[BlackElo "2411"]
[WhiteFideId "4121341"]
[BlackFideId "3801934"]
[EventDate "2012.10.27"]

1. Nf3 e6 2. c4 Nf6 3. g3 b6 4. Bg2 Bb7 5. O-O c5 6. Nc3 Be7 7. Re1 d5 8. cxd5
exd5 9. d4 O-O 10. Bf4 Ne4 11. dxc5 Nxc3 12. bxc3 Bxc5 13. Qc2 h6 14. Rad1 Nd7
15. e4 Nf6 16. exd5 Rc8 17. Ne5 b5 18. Nc6 Qb6 19. Ne7+ Bxe7 20. Rxe7 Rfd8 21.
Be3 Qa6 22. Qb3 Rc4 23. a4 Bxd5 24. Qxb5 Qc6 25. Qxc6 Rxc6 26. Rxa7 Rcc8 27. Ra5
Bb3 28. Rxd8+ Rxd8 29. Bd4 Re8 30. h3 Re1+ 31. Kh2 Re2 32. Ra8+ Kh7 33. a5 Ne4
34. Re8 Bd5 35. a6 1-0

[Event "Chigorin Memorial"]
[Site "St Petersburg RUS"]
[Date "2012.11.02"]
[Round "7.30"]
[White "Ponfilenok, Vladimir"]
[Black "Durarbayli, Vasif"]
[Result "1/2-1/2"]
[BlackTitle "GM"]
[WhiteElo "2392"]
[BlackElo "2584"]
[WhiteFideId "24113522"]
[BlackFideId "13402935"]
[EventDate "2012.10.27"]

1. Nf3 c5 2. c4 d6 3. d4 cxd4 4. Nxd4 b6 5. Nc3 Bb7 6. e4 Nf6 7. f3 e6 8. Be3
Be7 9. Qa4+ Nfd7 10. Be2 Bh4+ 11. g3 Be7 12. Rd1 a6 13. O-O O-O 14. f4 Re8 15.
Bf3 Qc8 16. Rd2 Bf8 17. Rfd1 Nf6 18. g4 e5 19. fxe5 Rxe5 20. Nf5 b5 21. cxb5
axb5 22. Qb3 Nxe4 23. Nxe4 Bxe4 24. Nxd6 Bxd6 25. Rxd6 Nc6 26. Bf4 Bxf3 27. Qxf3
Re6 28. Rxe6 fxe6 29. Rc1 Ra6 30. Qd3 Rxa2 31. Qxb5 Ra6 32. Qc4 Qa8 33. Qxe6+
Kh8 34. Be5 Qg8 35. Qd6 Qe8 36. Rf1 Ra8 37. Bc3 Qe3+ 38. Rf2 Ra1+ 39. Kg2 Qe4+
40. Kh3 Qe3+ 41. Qg3 Qxg3+ 42. Kxg3 Kg8 43. Rd2 Ra7 44. Rd6 Ne7 45. h4 h5 46.
Rd8+ Kf7 47. gxh5 Ra4 48. b4 Nc6 49. Rd7+ Ke6 50. Rc7 Nxb4 51. Bxg7 Nd5 52. Rc6+
Kf5 53. Rg6 Ra3+ 54. Kf2 Ra2+ 55. Ke1 Rh2 56. Rg5+ Ke6 57. Re5+ Kf7 58. h6 Ne7
59. h5 Rh4 60. Rg5 Kg8 61. Re5 Kf7 62. Kf2 Rh2+ 63. Kg3 Rh1 64. Kg2 Rh4 65. Rg5
Kg8 66. Re5 Kf7 67. Kg3 Rh1 68. Kg2 Rh4 1/2-1/2

[Event "Chigorin Memorial"]
[Site "St Petersburg RUS"]
[Date "2012.11.02"]
[Round "7.31"]
[White "Zhigalko, Andrey"]
[Black "Dzhangobegov, Vladimir"]
[Result "1-0"]
[WhiteTitle "GM"]
[BlackTitle "FM"]
[WhiteElo "2582"]
[BlackElo "2395"]
[WhiteFideId "13502247"]
[BlackFideId "4180984"]
[EventDate "2012.10.27"]

1. e4 c5 2. Nf3 d6 3. d4 cxd4 4. Nxd4 Nf6 5. Nc3 e6 6. Be3 Be7 7. g4 Nc6 8. g5
Nd7 9. h4 O-O 10. f4 Re8 11. Qd2 Nxd4 12. Qxd4 e5 13. Qd2 exf4 14. Bxf4 Ne5 15.
O-O-O Qa5 16. Qd5 Qb6 17. Bh3 Bf8 18. Qb3 Qc6 19. h5 Nc4 20. Rd4 Bxh3 21. Rxh3
Rac8 22. a3 Qc5 23. Rhd3 Be7 24. Kb1 Ne5 25. Rd1 Nc6 26. Rd5 Qf2 27. Rf5 Nd4 28.
Qxf7+ Kh8 29. h6 Qxc2+ 30. Ka2 Nxf5 31. exf5 Bf8 32. Rd2 Qc1 33. hxg7+ Bxg7 34.
f6 Rg8 35. Rh2 Qxf4 36. Rxh7+ 1-0

[Event "Chigorin Memorial"]
[Site "St Petersburg RUS"]
[Date "2012.11.02"]
[Round "7.32"]
[White "Khusenkhojaev, Muhammad"]
[Black "Shomoev, Anton"]
[Result "1/2-1/2"]
[BlackTitle "GM"]
[WhiteElo "2377"]
[BlackElo "2571"]
[WhiteFideId "14700247"]
[BlackFideId "4135148"]
[EventDate "2012.10.27"]

1. Nf3 Nf6 2. c4 e6 3. Nc3 Bb4 4. Qc2 O-O 5. a3 Bxc3 6. Qxc3 b6 7. g3 Bb7 8. Bg2
d5 9. cxd5 Nxd5 10. Qc2 c5 11. O-O Nc6 12. d3 e5 13. Bd2 Re8 14. Rfe1 Qd6 15.
Qa4 a5 16. Ng5 Nd4 17. e3 Ne6 18. Nxe6 Rxe6 19. d4 cxd4 20. exd4 e4 21. Rxe4
Rxe4 22. Bxe4 Nc3 23. bxc3 Bxe4 24. Re1 Bc6 25. Qc4 h6 26. Bf4 Qd7 27. Re5 Re8
28. Qe2 Rxe5 29. Bxe5 Qf5 30. c4 Bf3 31. Qf1 Qc2 32. d5 Be2 33. Qa1 f6 34. Bc7
Bxc4 35. d6 Be6 36. h4 Qd2 37. Qb1 Qd5 38. Kh2 Qf3 39. Bxb6 Qxa3 40. Qd1 Qb2 41.
Qe1 Bd7 42. Qxa5 Qb3 43. Qa8+ Kf7 44. Qd8 Qe6 1/2-1/2

[Event "Chigorin Memorial"]
[Site "St Petersburg RUS"]
[Date "2012.11.02"]
[Round "7.33"]
[White "Solovjov, Sergey I."]
[Black "Onischuk, Vladimir"]
[Result "0-1"]
[WhiteTitle "IM"]
[BlackTitle "GM"]
[WhiteElo "2371"]
[BlackElo "2558"]
[WhiteFideId "4122780"]
[BlackFideId "14114038"]
[EventDate "2012.10.27"]

1. e4 d6 2. d4 Nf6 3. Nc3 g6 4. f4 Bg7 5. Nf3 O-O 6. Bd3 Na6 7. O-O c5 8. d5 Rb8
9. f5 gxf5 10. exf5 Nb4 11. Ng5 h6 12. Nge4 e6 13. Bf4 exd5 14. Nxd6 Qb6 15. Be2
Rd8 16. a3 Rxd6 17. Bxd6 Qxd6 18. axb4 cxb4 19. Nb5 Qe5 20. Qd3 a6 21. Nd4 Ng4
22. Bxg4 Qxd4+ 23. Qxd4 Bxd4+ 24. Kh1 Bxb2 25. Rad1 d4 26. Rfe1 Kf8 27. Rd3 Bd7
28. Rh3 Re8 29. Rxe8+ Kxe8 30. Rxh6 d3 31. cxd3 Bd4 32. Rd6 Be3 33. Bd1 Bxf5 34.
d4 Be4 35. Rb6 Bd2 36. Bb3 Kd7 37. d5 Kc7 38. Rf6 Bg6 39. h4 Bc3 40. Rf4 Kd6 41.
g4 b5 42. h5 Bd3 43. h6 a5 44. Rf2 a4 45. Bc2 Bxc2 46. Rxc2 Bd4 47. h7 b3 0-1

[Event "Chigorin Memorial"]
[Site "St Petersburg RUS"]
[Date "2012.11.02"]
[Round "7.34"]
[White "Ionov, Sergey"]
[Black "Mishuchkov, Nikolai M."]
[Result "1-0"]
[WhiteTitle "GM"]
[BlackTitle "IM"]
[WhiteElo "2550"]
[BlackElo "2393"]
[WhiteFideId "4100875"]
[BlackFideId "4102401"]
[EventDate "2012.10.27"]

1. c4 Nf6 2. Nf3 e6 3. d4 Bb4+ 4. Nbd2 O-O 5. a3 Be7 6. e4 d5 7. e5 Nfd7 8. Bd3
c5 9. h4 g6 10. h5 cxd4 11. Qc2 Nc5 12. hxg6 Nxd3+ 13. Qxd3 fxg6 14. Qxd4 Nc6
15. Qe3 Rf7 16. b3 Qb6 17. Qxb6 axb6 18. Bb2 Bd7 19. O-O g5 20. cxd5 exd5 21.
Rfe1 g4 22. e6 Bxe6 23. Rxe6 gxf3 24. Nxf3 b5 25. b4 Ra6 26. Rd1 d4 27. Rde1 Bf6
28. Rd6 Ra8 29. Rd5 Rd8 30. Rxd8+ Bxd8 31. Re8+ Kg7 32. Nxd4 Bf6 33. Ne6+ Kg6
34. Bxf6 Rxf6 35. Nc5 1-0

[Event "Chigorin Memorial"]
[Site "St Petersburg RUS"]
[Date "2012.11.02"]
[Round "7.35"]
[White "Yevseev, Denis"]
[Black "Baghdasaryan, Vahe"]
[Result "0-1"]
[WhiteTitle "GM"]
[BlackTitle "IM"]
[WhiteElo "2545"]
[BlackElo "2373"]
[WhiteFideId "4126378"]
[BlackFideId "13303139"]
[EventDate "2012.10.27"]

1. d4 d5 2. c4 c6 3. Nf3 Nf6 4. e3 Bf5 5. Nc3 e6 6. Nh4 Be4 7. f3 Bg6 8. Qb3 Qc7
9. Bd2 Be7 10. g3 a6 11. Rc1 dxc4 12. Bxc4 c5 13. Nxg6 hxg6 14. dxc5 Nc6 15. Qb6
Qb8 16. Na4 Rxh2 17. Rxh2 Qxg3+ 18. Rf2 Ne4 19. fxe4 Rd8 20. Kf1 Bh4 21. Be1
Qh3+ 22. Kg1 Qxe3 23. Rc3 Bxf2+ 24. Bxf2 Rd1+ 25. Kg2 Qxe4+ 26. Kg3 f5 27. Qc7
g5 28. Qc8+ Nd8 29. Bxe6 g6 30. c6 Qh4+ 31. Kf3 Qg4+ 32. Ke3 Qe4# 0-1

[Event "Chigorin Memorial"]
[Site "St Petersburg RUS"]
[Date "2012.11.02"]
[Round "7.36"]
[White "Charochkina, Daria"]
[Black "Alsina Leal, Daniel"]
[Result "1-0"]
[WhiteTitle "WGM"]
[BlackTitle "GM"]
[WhiteElo "2343"]
[BlackElo "2528"]
[WhiteFideId "4180917"]
[BlackFideId "2252627"]
[EventDate "2012.10.27"]

1. d4 Nf6 2. c4 c5 3. d5 b5 4. cxb5 a6 5. e3 axb5 6. Bxb5 Qa5+ 7. Nc3 Bb7 8. Bd2
Qb6 9. Nf3 Nxd5 10. Nxd5 Bxd5 11. a4 e6 12. Bc3 Be7 13. O-O O-O 14. Nd2 f5 15.
f3 Ra7 16. e4 Ba8 17. Nc4 Qd8 18. Qe2 Bh4 19. g3 Be7 20. Ba5 Rxa5 21. Nxa5 fxe4
22. fxe4 Bf6 23. e5 Be7 24. Rxf8+ Bxf8 25. Qf2 g6 26. Rf1 Qe7 27. Nc4 Bg7 28. b4
d5 29. Nb6 Bxe5 30. Qxc5 Qxc5+ 31. bxc5 Bb7 32. Nd7 Bd4+ 33. Kg2 Nc6 34. Nf6+
Kg7 35. Ne8+ Kg8 36. Nd6 Ba8 37. Bxc6 Bxc6 38. a5 Bc3 39. a6 d4+ 40. Kf2 e5 41.
Rb1 d3 42. Rb8+ Kg7 43. Rb7+ Kh6 44. a7 Bd4+ 45. Kf1 d2 46. Ke2 Bc3 47. a8=Q
Bf3+ 48. Ke3 Bxb7 49. Qa4 Bc6 50. Qh4+ Kg7 51. Qe7+ Kh6 52. Nf7+ Kg7 53. Nxe5+
Kh6 54. Ng4+ 1-0

[Event "Chigorin Memorial"]
[Site "St Petersburg RUS"]
[Date "2012.11.02"]
[Round "7.37"]
[White "Goganov, Aleksey"]
[Black "Krivenko, Sergey"]
[Result "1-0"]
[WhiteTitle "IM"]
[WhiteElo "2526"]
[BlackElo "2341"]
[WhiteFideId "24109959"]
[BlackFideId "24124753"]
[EventDate "2012.10.27"]

1. d4 Nf6 2. c4 c5 3. d5 b5 4. cxb5 a6 5. bxa6 g6 6. Nc3 Bxa6 7. g3 d6 8. Bg2
Bg7 9. Nf3 Nbd7 10. O-O O-O 11. Qc2 Qa5 12. Bd2 Rfb8 13. b3 Ne8 14. a4 Qd8 15.
Rab1 Ra7 16. Rfe1 Nc7 17. e4 Bb7 18. Nb5 Nxb5 19. axb5 Bc8 20. Bf1 Ne5 21. Nxe5
Bxe5 22. Bc3 Bxc3 23. Qxc3 Bd7 24. b4 Rc7 25. bxc5 Rxc5 26. Qb2 Qb6 27. Rec1
Rbc8 28. Rxc5 Rxc5 29. Ra1 Bc8 30. Ra8 Qb7 31. Ra6 Qd7 32. Rc6 Bb7 33. Rxc5 dxc5
34. b6 Qd6 35. h4 f5 36. Bg2 fxe4 37. Bxe4 c4 38. Qd4 c3 39. Qxc3 Qxb6 40. h5
gxh5 41. Qe5 Qd6 42. Qxh5 h6 43. Qf5 Kg7 44. Qh7+ Kf6 45. Qh8+ Kf7 46. Bh7 Bxd5
47. Qg8+ Kf6 48. Qf8+ 1-0

[Event "Chigorin Memorial"]
[Site "St Petersburg RUS"]
[Date "2012.11.02"]
[Round "7.38"]
[White "Stupak, Kirill"]
[Black "Tsydypov, Zhamsaran"]
[Result "1/2-1/2"]
[WhiteTitle "GM"]
[BlackTitle "FM"]
[WhiteElo "2520"]
[BlackElo "2338"]
[WhiteFideId "13503758"]
[BlackFideId "4108566"]
[EventDate "2012.10.27"]

1. d4 Nf6 2. g3 c5 3. d5 e6 4. c4 exd5 5. cxd5 Bd6 6. Nc3 O-O 7. Bg2 Re8 8. Nf3
Bf8 9. O-O d6 10. Nd2 a6 11. a4 Nbd7 12. h3 Rb8 13. Nc4 Ne5 14. Na3 Bd7 15. Rb1
b5 16. axb5 axb5 17. b4 Qc8 18. Qb3 Bxh3 19. Naxb5 Qf5 20. f3 Bxg2 21. Kxg2 h5
22. bxc5 dxc5 23. e4 Qg6 24. Bf4 h4 25. Rh1 hxg3 26. Rh4 Nh5 27. Rbh1 Nxf4+ 28.
Rxf4 Qg5 29. Ne2 c4 30. Qa4 Ng6 31. Rg4 Qe3 32. Nxg3 Qd2+ 33. Kh3 Ra8 34. Qxc4
Nf4+ 35. Rxf4 Qxf4 36. Nd4 Re5 37. Qc1 Qf6 38. Qc6 Qd8 39. f4 Re8 40. e5 Rc8 41.
Qb7 Rc7 42. Qb3 Qc8+ 43. Kg2 Rc1 44. Rxc1 Qxc1 45. Nge2 Qc5 46. Qb5 Rd8 47. Qxc5
Bxc5 48. d6 Bxd6 49. exd6 1/2-1/2

[Event "Chigorin Memorial"]
[Site "St Petersburg RUS"]
[Date "2012.11.02"]
[Round "7.39"]
[White "Usmanov, Vasily"]
[Black "Levin, Evgeny A."]
[Result "0-1"]
[BlackTitle "GM"]
[WhiteElo "2336"]
[BlackElo "2516"]
[WhiteFideId "4135741"]
[BlackFideId "4182596"]
[EventDate "2012.10.27"]

1. d4 Nf6 2. c4 g6 3. Nc3 Bg7 4. g3 O-O 5. Bg2 d6 6. e3 Nbd7 7. Nge2 e5 8. b3
Re8 9. O-O h5 10. h3 e4 11. Qc2 Nf8 12. Nf4 Bf5 13. Nfd5 Nxd5 14. cxd5 Nh7 15.
Kh2 Ng5 16. Re1 Bxh3 17. Bxe4 Rxe4 18. Nxe4 Nf3+ 19. Kxh3 Qd7+ 0-1

[Event "Chigorin Memorial"]
[Site "St Petersburg RUS"]
[Date "2012.11.02"]
[Round "7.40"]
[White "Makarov, Marat"]
[Black "Naboka, Sergey"]
[Result "1-0"]
[WhiteTitle "GM"]
[WhiteElo "2516"]
[BlackElo "2256"]
[WhiteFideId "4101103"]
[BlackFideId "14123452"]
[EventDate "2012.10.27"]

1. Nf3 f5 2. g3 Nf6 3. Bg2 g6 4. O-O Bg7 5. d4 O-O 6. c3 d6 7. Qb3+ Kh8 8. Ng5
d5 9. c4 Nc6 10. cxd5 Nxd4 11. Qd3 Ng4 12. e3 Ne5 13. Qxd4 Nf3+ 14. Nxf3 Bxd4
15. Nxd4 e5 16. dxe6 c5 17. Ne2 Bxe6 18. Bxb7 Rb8 19. Bg2 Qe7 20. Nbc3 Rfd8 21.
Nf4 Bf7 22. Re1 Kg8 23. h4 Qe5 24. e4 Rb4 25. Nfd5 Bxd5 26. Nxd5 Rd4 27. Bg5
fxe4 28. Bxd8 Rxd5 29. Bg5 Qxb2 30. Bxe4 Rd6 31. Rad1 Rxd1 32. Rxd1 Kf7 33. Bd5+
Kg7 34. Rc1 Qd4 35. Bb3 a5 36. Be3 Qe4 37. Rc4 1-0

[Event "Chigorin Memorial"]
[Site "St Petersburg RUS"]
[Date "2012.11.02"]
[Round "7.41"]
[White "Pasiev, Rakhim"]
[Black "Al-Sayed, Mohammed"]
[Result "0-1"]
[WhiteTitle "FM"]
[BlackTitle "GM"]
[WhiteElo "2334"]
[BlackElo "2511"]
[WhiteFideId "24122475"]
[BlackFideId "12100196"]
[EventDate "2012.10.27"]

1. e4 c5 2. Nf3 d6 3. d4 cxd4 4. Nxd4 Nf6 5. Nc3 a6 6. Be2 Nbd7 7. Be3 e6 8. f4
b5 9. Bf3 Bb7 10. e5 Bxf3 11. Qxf3 dxe5 12. Nc6 Qc7 13. fxe5 Rc8 14. exf6 Qxc6
15. fxg7 Bxg7 16. Ne4 O-O 17. c3 f5 18. Nd2 Qd6 19. O-O Ne5 20. Qg3 Qd3 21. Bd4
Qxg3 22. hxg3 Nd3 23. Bxg7 Kxg7 24. Rab1 e5 25. Nf3 e4 26. Nd4 Kg6 27. Ne6 Rf6
28. Nf4+ Nxf4 29. gxf4 Rd6 30. Rfd1 Rcd8 31. Rxd6+ Rxd6 32. a4 bxa4 33. Ra1 Kh5
34. Rxa4 Kg4 35. Kf1 Kxf4 36. Ke2 Kg3 37. Ra5 Kf4 38. Ra4 h5 39. c4 Kg3 40. Ra5
Kg4 41. c5 Re6 42. Ra3 f4 43. Rc3 Rc6 44. b4 h4 45. Kf2 e3+ 46. Ke2 Kg3 47. Rc4
h3 48. gxh3 Re6 0-1

[Event "Chigorin Memorial"]
[Site "St Petersburg RUS"]
[Date "2012.11.02"]
[Round "7.42"]
[White "Biriukov, Oleg V."]
[Black "Ajrapetjan, Yuriy"]
[Result "1/2-1/2"]
[WhiteTitle "IM"]
[BlackTitle "GM"]
[WhiteElo "2327"]
[BlackElo "2502"]
[WhiteFideId "4123174"]
[BlackFideId "14109069"]
[EventDate "2012.10.27"]

1. d4 Nf6 2. c4 e6 3. Nc3 Bb4 4. Qc2 O-O 5. a3 Bxc3+ 6. Qxc3 b6 7. Bg5 Bb7 8. f3
h6 9. Bh4 d5 10. e3 Re8 11. Nh3 Nbd7 12. cxd5 exd5 13. Be2 Qe7 14. Bf2 c5 15.
O-O cxd4 16. Qxd4 Nc5 17. Rad1 Rac8 18. b4 Ne6 19. Qb2 g5 20. Rfe1 Nd7 21. Bb5
Red8 22. Bg3 Qf6 23. Qxf6 Nxf6 24. Be5 Nd7 25. Bb2 Rc2 26. Re2 Rxe2 27. Bxe2 Rc8
28. Rd2 Rc7 29. Nf2 f6 30. Ng4 Kg7 31. Bb5 Nef8 32. h4 gxh4 33. f4 a6 34. Bd3 h5
35. Nh2 d4 36. Bxd4 Rc1+ 37. Nf1 b5 38. Kf2 Ne6 39. Bb2 Rc7 40. Bf5 Kf7 41. Nh2
Ke7 42. Rc2 Rxc2+ 43. Bxc2 Nb6 44. Nf3 Nc4 45. Bc1 Bxf3 46. Kxf3 Nc7 47. Ke4
Nd6+ 48. Kd4 Ne6+ 49. Kd5 Kd7 50. Bg6 Ng7 51. Bb2 Ngf5 52. Bxf5+ Nxf5 53. Bc1
Ne7+ 54. Kc5 f5 55. Bb2 Ke6 56. Bc3 Nc8 57. Be5 Ne7 58. Bd4 Nc8 59. Be5 Kd7 60.
Bf6 Nd6 61. Bxh4 Nc4 62. a4 Nxe3 63. axb5 axb5 64. g3 Kc7 65. Kxb5 Kb7 66. Kc5
Kc7 67. Kd4 Nf1 68. Ke5 Ne3 69. Be7 Nf1 70. Kxf5 Nxg3+ 71. Kg5 Kd7 72. Bc5 Ke6
73. Kh4 Ne4 74. Kxh5 Kf5 75. Be3 Nf6+ 76. Kh4 Nd5 77. b5 Ke4 78. Bc1 Kd4 1/2-1/2

[Event "Chigorin Memorial"]
[Site "St Petersburg RUS"]
[Date "2012.11.02"]
[Round "7.43"]
[White "Bazeev, German"]
[Black "Stukopin, Andrey"]
[Result "0-1"]
[BlackTitle "IM"]
[WhiteElo "2319"]
[BlackElo "2494"]
[WhiteFideId "24119350"]
[BlackFideId "24107131"]
[EventDate "2012.10.27"]

1. Nf3 d5 2. d4 Nf6 3. c4 dxc4 4. e3 Bg4 5. Bxc4 e6 6. Qb3 Bxf3 7. gxf3 Nbd7 8.
Nc3 Rb8 9. a4 c6 10. f4 g6 11. Rg1 Nb6 12. Be2 Nbd5 13. Nxd5 exd5 14. Bf3 Qd7
15. Bd2 Bd6 16. Qd3 Qe6 17. b4 Bxf4 18. h4 Bd6 19. h5 Ne4 20. Bxe4 dxe4 21. Qe2
O-O 22. Qg4 f5 23. Qh3 Rf6 24. hxg6 Rxg6 25. Rh1 h6 26. Rc1 Kh7 27. b5 cxb5 28.
axb5 Rc8 29. Ke2 Rxc1 30. Rxc1 Qd5 0-1

[Event "Chigorin Memorial"]
[Site "St Petersburg RUS"]
[Date "2012.11.02"]
[Round "7.44"]
[White "Dolzhykova, Kateryna"]
[Black "Raznikov, Danny"]
[Result "0-1"]
[WhiteTitle "WIM"]
[BlackTitle "IM"]
[WhiteElo "2313"]
[BlackElo "2465"]
[WhiteFideId "14113414"]
[BlackFideId "2811154"]
[EventDate "2012.10.27"]

1. e4 c6 2. d4 d5 3. Nd2 dxe4 4. Nxe4 Bf5 5. Ng3 Bg6 6. Nh3 e6 7. Nf4 Bd6 8.
Ngh5 Bf8 9. c3 Nd7 10. Nxg6 hxg6 11. Nf4 Bd6 12. g3 Ne7 13. Bg2 Nf5 14. O-O Qf6
15. Qg4 Qe7 16. b4 Nf6 17. Qf3 Nd5 18. a4 Qc7 19. Nd3 Nxc3 20. Bb2 Nd5 21. b5
cxb5 22. axb5 O-O 23. h4 Qc4 24. Ne5 Qxb5 25. Rab1 Qa4 26. Rfd1 Bxe5 27. dxe5
Rfd8 28. h5 gxh5 29. Qxh5 g6 30. Qg5 Qa5 31. g4 Ng7 32. Rd3 Qa2 33. Rdd1 Rac8
34. Be4 Rd7 35. Ba1 Qa4 36. Bxd5 Rxd5 37. Rxd5 exd5 38. e6 Nxe6 39. Qh4 d4 40.
Qf6 Qa5 41. Bxd4 Nxd4 42. Qxd4 b6 43. Qd7 Rc4 44. Rd1 Qg5 45. Qe8+ Kg7 46. f3
Rxg4+ 47. fxg4 Qxg4+ 48. Kh2 Qxd1 49. Qe5+ Kh7 50. Qc7 Qh5+ 51. Kg2 Qd5+ 52. Kh2
b5 53. Qxa7 b4 54. Qb8 b3 55. Kh3 Qf5+ 56. Kg3 Qd3+ 57. Kg4 Qd4+ 58. Kf3 b2 59.
Qh2+ Kg7 60. Qc2 Qb4 0-1

[Event "Chigorin Memorial"]
[Site "St Petersburg RUS"]
[Date "2012.11.02"]
[Round "7.47"]
[White "Bivol, Alina"]
[Black "Zvjaginsev, Vadim"]
[Result "0-1"]
[WhiteTitle "WFM"]
[BlackTitle "GM"]
[WhiteElo "2137"]
[BlackElo "2678"]
[WhiteFideId "4100123"]
[BlackFideId "4113403"]
[EventDate "2012.10.27"]

1. e4 c6 2. d4 d5 3. f3 e6 4. Nc3 Bb4 5. Bf4 Nf6 6. Qd3 O-O 7. Ne2 c5 8. dxc5
dxe4 9. fxe4 Bxc5 10. h3 Qxd3 11. cxd3 Nc6 12. O-O-O e5 13. Bg5 Nd7 14. Nd5 Nb6
15. Nec3 f6 16. Bd2 Rf7 17. Be2 Nxd5 18. exd5 Nd4 19. Kb1 Nxe2 20. Nxe2 Bf5 21.
Bc1 Rd7 22. Nc3 Bb4 23. g4 Bg6 24. Ka1 Rc8 25. g5 fxg5 26. Bxg5 Bxc3 27. bxc3
Rxd5 28. Be3 b6 29. Kb2 Bxd3 30. Rhg1 Kf7 31. Rg3 Rb5+ 32. Ka1 Bf5 33. Bg1 g6
34. Rf3 Ke6 35. Re3 Rd8 0-1

[Event "Chigorin Memorial"]
[Site "St Petersburg RUS"]
[Date "2012.11.02"]
[Round "7.48"]
[White "Gabrielian, Artur"]
[Black "Sichinava, Zviad"]
[Result "1-0"]
[WhiteTitle "GM"]
[WhiteElo "2592"]
[BlackElo "2339"]
[WhiteFideId "4131002"]
[BlackFideId "24111716"]
[EventDate "2012.10.27"]

1. e4 e6 2. d4 d5 3. Nc3 Bb4 4. e5 c5 5. a3 Ba5 6. b4 cxd4 7. Nb5 Bc7 8. f4 Ne7
9. Nf3 Bd7 10. Nxc7+ Qxc7 11. Bd3 Ba4 12. O-O Nbc6 13. b5 Na5 14. Rb1 Rc8 15.
Nxd4 Nc4 16. Bxc4 dxc4 17. Rb4 Qa5 18. f5 exf5 19. Bg5 Ng6 20. Nxf5 O-O 21. Nd6
h6 22. Nxc8 hxg5 23. Qd7 Bxc2 24. e6 Qxa3 25. Rxc4 Qe3+ 26. Kh1 fxe6 27. Rxf8+
Nxf8 28. Qd4 Qe1+ 29. Qg1 Qe2 30. Rc5 g4 31. Ne7+ Kf7 32. Rc7 Ke8 33. Nc8 Nd7
34. Rc3 Qd2 35. Re3 e5 36. Nxa7 e4 37. Re1 g3 38. Qe3 Qxe3 39. Rxe3 gxh2 40. Nc8
Nf6 41. Nd6+ Ke7 42. Nxb7 Ng4 43. Rc3 Bd3 44. b6 e3 45. Rc1 Nf2+ 46. Kxh2 e2 47.
Nc5 Bc2 48. Re1 1-0

[Event "Chigorin Memorial"]
[Site "St Petersburg RUS"]
[Date "2012.11.02"]
[Round "7.49"]
[White "Ipatov, Alexander"]
[Black "Vuilleumier, Alexandre"]
[Result "1-0"]
[WhiteTitle "GM"]
[BlackTitle "IM"]
[WhiteElo "2591"]
[BlackElo "2326"]
[WhiteFideId "14116731"]
[BlackFideId "1305662"]
[EventDate "2012.10.27"]

1. d4 Nf6 2. c4 e6 3. Nc3 Bb4 4. a3 Bxc3+ 5. bxc3 c5 6. e3 O-O 7. Bd3 Nc6 8. Ne2
b6 9. e4 Ne8 10. e5 Ba6 11. Qa4 Qc8 12. Bf4 Na5 13. O-O Qc6 14. Qc2 f5 15. d5
Qb7 16. d6 Bxc4 17. Bxc4 Nxc4 18. Qa2 Qa6 19. Rfe1 Qa4 20. h4 g6 21. Bh2 Ng7 22.
Nf4 b5 23. f3 Nb6 24. Bg3 Qc4 25. Qxc4 bxc4 26. Reb1 Nh5 27. Nxh5 gxh5 28. Rb5
Nd5 29. Rb7 Nxc3 30. Rxd7 Ne2+ 31. Kf2 Nd4 32. Bf4 Rab8 33. Rc1 Rb2+ 34. Kf1 Ne2
35. Bh6 Nxc1 36. Rg7+ Kh8 37. d7 Rbb8 38. Re7 Rfd8 39. Bxc1 c3 40. Ke2 Kg8 41.
Bh6 1-0

[Event "Chigorin Memorial"]
[Site "St Petersburg RUS"]
[Date "2012.11.02"]
[Round "7.50"]
[White "Buchenau, Frank"]
[Black "Halkias, Stelios"]
[Result "0-1"]
[WhiteTitle "FM"]
[BlackTitle "GM"]
[WhiteElo "2324"]
[BlackElo "2581"]
[WhiteFideId "4604350"]
[BlackFideId "4201809"]
[EventDate "2012.10.27"]

1. e4 e5 2. Nf3 Nc6 3. Bc4 Nf6 4. d3 Be7 5. O-O O-O 6. Re1 a6 7. a4 h6 8. a5 d6
9. c3 Nh7 10. Be3 Kh8 11. Qb3 f5 12. exf5 Rxf5 13. Nbd2 Nf6 14. Nh4 d5 15. Nxf5
dxc4 16. Nxc4 Bxf5 17. Qxb7 Qe8 18. Nxe5 Nxe5 19. Bf4 Qc6 20. Qxc6 Nxc6 21. Bxc7
Rc8 22. Bb6 Bxd3 23. Re3 Bc4 24. Rd1 Kg8 25. h3 Kf7 26. Rb1 Nd5 27. Rf3+ Bf6 28.
Re1 Rb8 0-1

[Event "Chigorin Memorial"]
[Site "St Petersburg RUS"]
[Date "2012.11.02"]
[Round "7.51"]
[White "Brodsky, Michail"]
[Black "Mikhailov, Viacheslav"]
[Result "1-0"]
[WhiteTitle "GM"]
[BlackTitle "FM"]
[WhiteElo "2563"]
[BlackElo "2326"]
[WhiteFideId "14100932"]
[BlackFideId "4187369"]
[EventDate "2012.10.27"]

1. Nf3 c5 2. c4 Nc6 3. d4 cxd4 4. Nxd4 g6 5. e4 Bg7 6. Be3 Nf6 7. Nc3 O-O 8. Be2
d6 9. O-O Nxd4 10. Bxd4 Be6 11. b3 Qa5 12. Qd3 Rac8 13. f4 Bg4 14. Bxg4 Nxg4 15.
Nd5 Rce8 16. b4 Qa4 17. Bxg7 Kxg7 18. a3 Nf6 19. Nc3 Qc6 20. e5 Ng4 21. Qd4 Kg8
22. h3 Nh6 23. g4 f5 24. exf6 Rxf6 25. Nd5 Rf7 26. Rae1 Qd7 27. Rf2 b6 28. Rfe2
Kf8 29. Re6 Ng8 30. R1e3 Rc8 31. b5 Rc5 32. a4 Qb7 33. Re2 Qd7 34. Kh2 Rc8 35.
Kg3 Rc5 36. R2e3 Qb7 37. Re1 Qd7 38. g5 Qb7 39. R1e4 Qd7 40. h4 Qb7 41. Qd1 Qc8
42. Qe2 Qb7 43. Rxd6 Qc8 44. Rde6 Qd7 45. Qe3 Rc8 46. Qd4 Rc5 47. a5 h5 48. axb6
axb6 49. Nxb6 1-0

[Event "Chigorin Memorial"]
[Site "St Petersburg RUS"]
[Date "2012.11.02"]
[Round "7.52"]
[White "Vocaturo, Daniele"]
[Black "Monin, Nikolay"]
[Result "0-1"]
[WhiteTitle "GM"]
[BlackTitle "IM"]
[WhiteElo "2534"]
[BlackElo "2325"]
[WhiteFideId "813192"]
[BlackFideId "4104013"]
[EventDate "2012.10.27"]

1. e4 e6 2. d4 d5 3. e5 c5 4. c3 Nc6 5. Nf3 Qb6 6. a3 Nh6 7. b4 cxd4 8. Bxh6
gxh6 9. cxd4 Bg7 10. Nc3 O-O 11. Be2 f6 12. b5 Nxe5 13. dxe5 fxe5 14. Na4 Qa5+
15. Nd2 e4 16. Rb1 e3 17. fxe3 e5 18. Rb4 Qd8 19. Qb3 Kh8 20. e4 Be6 21. Bf3
dxe4 22. Qxe6 exf3 23. Nxf3 e4 24. Rxe4 Qd3 25. Kf2 Qc2+ 26. Kg3 Bf6 27. Rg4 h5
28. Qe4 Qc7+ 29. Rf4 Rae8 30. Qc4 Qg7+ 31. Kf2 Rc8 32. Qe4 Rce8 33. Qb4 Rd8 34.
Re4 Bd4+ 35. Kf1 h4 36. Qe7 Qh6 37. Ke2 Bf6 38. Qb4 Qg6 39. Rg1 Rfe8 40. Rxe8+ 0-1